[Event "40th North Shore Open"]
[Site "Auckland"]
[Date "2013.09.14"]
[Round "3.4"]
[White "Garbett, Paul A"]
[Black "Gong, Daniel"]
[Result "1-0"]
[WhiteElo "2332"]
[BlackElo "1880"]
[PlyCount "51"]
[EventDate "2013.09.14"]
[EventType "swiss"]
[EventRounds "5"]
[EventCountry "NZL"]
[SourceDate "2013.09.14"]

1. e4 c5 2. Nf3 e6 3. d4 cxd4 4. Nxd4 a6 5. Bd3 Bc5 6. Nb3 Be7 7. O-O d6 8. a4
b6 9. Qe2 Bb7 10. Bf4 e5 11. Bg3 Nf6 12. c4 Nbd7 13. a5 Rc8 14. Nc3 bxa5 15.
Nxa5 Ba8 16. b4 Qb6 17. Rfb1 Qd4 18. Nd5 Bxd5 19. exd5 Nb8 20. Ra3 O-O 21. Kh1
Rfe8 22. f3 Qa7 23. Bf5 Rcd8 24. Bf2 Qc7 25. b5 g6 26. b6 1-0

[Event "40th North Shore Open"]
[Site "Auckland"]
[Date "2013.09.14"]
[Round "3.5"]
[White "Ang, Alphaeus Wei Ern"]
[Black "Gao, Hans"]
[Result "0-1"]
[WhiteElo "1973"]
[BlackElo "2236"]
[PlyCount "116"]
[EventDate "2013.09.14"]
[EventType "swiss"]
[EventRounds "5"]
[EventCountry "NZL"]
[SourceDate "2013.09.14"]

1. d4 Nf6 2. c4 g6 3. Nc3 Bg7 4. e4 d6 5. Nf3 O-O 6. Be2 e5 7. O-O Nc6 8. d5
Ne7 9. Ne1 Nd7 10. Be3 f5 11. f3 f4 12. Bf2 g5 13. Nd3 Ng6 14. b4 Nf6 15. Rc1
h5 16. c5 Rf7 17. Qc2 g4 18. cxd6 cxd6 19. Nb5 Ne8 20. Nxa7 Bd7 21. Kh1 g3 22.
Bg1 Qh4 23. Nc6 Qg5 24. Na5 h4 25. Bd1 h3 26. Bb6 hxg2+ 27. Kxg2 Bh3+ 28. Kg1
gxh2+ 29. Kxh2 Qg3+ 30. Kh1 Bxf1 31. Nb2 Bf6 32. Bg1 Rh7+ 33. Bh2 Rc8 34. Nc6
bxc6 35. Qd2 Rcc7 36. dxc6 Rxh2+ 37. Qxh2 Rh7 38. Qxh7+ Kxh7 39. Rc2 Nh4 40. c7
Bg2+ 41. Kg1 Bxf3+ 42. Kf1 Nxc7 43. Rxc7+ Kg6 44. Bxf3 Qxf3+ 45. Ke1 Ng2+ 46.
Kd2 Qe3+ 47. Kc2 Qxe4+ 48. Kb3 f3 49. Ka4 f2 50. Ka5 f1=Q 51. b5 Qa8+ 52. Kb4
Qxa2 53. Na4 Qfb1+ 54. Ka5 Bd8 55. b6 Bxc7 56. bxc7 Qd5+ 57. Nc5 Qxc5+ 58. Ka6
Qa3# 0-1

[Event "40th North Shore Open"]
[Site "Auckland"]
[Date "2013.09.14"]
[Round "3.7"]
[White "Zhang, Leo"]
[Black "Evans, David J"]
[Result "1/2-1/2"]
[WhiteElo "1858"]
[BlackElo "2034"]
[PlyCount "98"]
[EventDate "2013.09.14"]
[EventType "swiss"]
[EventRounds "5"]
[EventCountry "NZL"]
[SourceDate "2013.09.14"]

1. d4 Nf6 2. c4 g6 3. Nc3 Bg7 4. e4 d6 5. Nf3 O-O 6. Be2 e5 7. O-O Na6 8. Bg5
Qe8 9. d5 h6 10. Bxf6 Bxf6 11. a3 Bg7 12. b4 f5 13. Rc1 f4 14. c5 g5 15. Nd2
Kh7 16. Bxa6 bxa6 17. Nc4 Qg6 18. cxd6 cxd6 19. Re1 g4 20. b5 h5 21. bxa6 Bxa6
22. Qa4 Bxc4 23. Qxc4 h4 24. Nb5 g3 25. f3 h3 26. Qf1 gxh2+ 27. Kxh2 Rh8 28.
Qf2 a6 29. Nc7 Rac8 30. Ne6 hxg2 31. Qxg2 Qh5+ 32. Qh3 Qxh3+ 33. Kxh3 Kg6+ 34.
Kg2 Bf6 35. Rxc8 Rxc8 36. Re2 Rc3 37. Ra2 a5 38. a4 Rc4 39. Nf8+ Kf7 40. Nd7
Bd8 41. Nb8 Bb6 42. Nc6 Rc1 43. Rb2 Bc5 44. Nxa5 Rg1+ 45. Kh2 Ra1 46. Nc6 Rxa4
47. Kh3 Ra8 48. Rg2 Rh8+ 49. Kg4 Rg8+ 1/2-1/2

[Event "40th North Shore Open"]
[Site "Auckland"]
[Date "2013.09.14"]
[Round "3.8"]
[White "Krstev, Antonio"]
[Black "Johns, Daniel P"]
[Result "0-1"]
[WhiteElo "2157"]
[BlackElo "1930"]
[PlyCount "62"]
[EventDate "2013.09.14"]
[EventType "swiss"]
[EventRounds "5"]
[EventCountry "NZL"]
[SourceDate "2013.09.14"]

1. d4 Nf6 2. c4 e6 3. Nc3 d5 4. e3 c5 5. cxd5 Nxd5 6. Nf3 Nc6 7. Bc4 Nb6 8. Bb5
Bd7 9. dxc5 Bxc5 10. O-O a6 11. Ne4 Be7 12. Be2 O-O 13. b3 Nd5 14. Bb2 Rc8 15.
g3 Na7 16. Bxg7 Kxg7 17. Qd4+ Nf6 18. Nxf6 Bxf6 19. Qxa7 Bxa1 20. Rxa1 Qf6 21.
Rd1 Bc6 22. Nd4 Bd5 23. Qb6 e5 24. Nf5+ Qxf5 25. Rxd5 Rc2 26. g4 Qe4 27. g5
Qxd5 28. Qf6+ Kg8 29. Bf3 Qe6 30. Bxb7 Qxf6 31. gxf6 Rxa2 0-1

[Event "40th North Shore Open"]
[Site "Auckland"]
[Date "2013.09.14"]
[Round "3.9"]
[White "Li, William Xiangwei"]
[Black "Timergazi, Layla"]
[Result "1/2-1/2"]
[WhiteElo "2060"]
[BlackElo "1889"]
[PlyCount "88"]
[EventDate "2013.09.14"]
[EventType "swiss"]
[EventRounds "5"]
[EventCountry "NZL"]
[SourceDate "2013.09.14"]

1. e4 c6 2. c4 d5 3. exd5 cxd5 4. d4 Nf6 5. Nc3 Nc6 6. Nf3 g6 7. Bd3 Bg4 8. Be3
Bg7 9. h3 Bxf3 10. Qxf3 dxc4 11. Bxc4 Nxd4 12. Bxd4 Qxd4 13. Bb5+ Kf8 14. O-O
Qb6 15. Rfe1 Bh6 16. Re2 a6 17. Ba4 Rc8 18. Rae1 Rc7 19. g4 Qd4 20. Bb3 Qf4 21.
Qg2 Bg5 22. Re3 e6 23. Rf3 Qd2 24. Rd1 Qxb2 25. Qg3 Rxc3 26. Rxc3 Ne4 27. Rc2
Qf6 28. Qd3 Qf4 29. Re2 Nf6 30. Qc2 Nxg4 31. Qc5+ Kg8 32. Qc8+ Kg7 33. Qc3+ Nf6
34. Qg3 Rc8 35. Qxf4 Bxf4 36. Kg2 Bh6 37. Rd4 Nh5 38. Re1 Nf4+ 39. Kg3 Rc3+ 40.
f3 Nh5+ 41. Kf2 Nf4 42. Kg3 Nh5+ 43. Kf2 Nf4 44. Kg3 Nh5+ 1/2-1/2

[Event "40th North Shore Open"]
[Site "Auckland"]
[Date "2013.09.14"]
[Round "3.10"]
[White "Gilmour, Mark"]
[Black "Taylor, Richard"]
[Result "0-1"]
[WhiteElo "1922"]
[BlackElo "1862"]
[PlyCount "92"]
[EventDate "2013.09.14"]
[EventType "swiss"]
[EventRounds "5"]
[EventCountry "NZL"]
[SourceDate "2013.09.14"]

1. e4 c5 2. Nc3 Nc6 3. g3 g6 4. Bg2 Bg7 5. d3 e6 6. Be3 d6 7. Nge2 Nge7 8. Qd2
Nd4 9. O-O O-O 10. Nd1 Nxe2+ 11. Qxe2 Rb8 12. Qd2 Re8 13. Bh6 Bh8 14. c3 b5 15.
f4 b4 16. d4 bxc3 17. bxc3 cxd4 18. cxd4 Qb6 19. Rc1 Bxd4+ 20. Kh1 Ba6 21. Rf3
Bh8 22. Rb3 Qd4 23. Qxd4 Bxd4 24. Rcb1 Rxb3 25. Rxb3 Rc8 26. h4 f5 27. exf5
Nxf5 28. Bg5 Be2 29. g4 Bxd1 30. Rd3 Bxg4 31. Be4 Rc1+ 32. Kh2 e5 33. Rb3 Bb6
34. a4 Rc5 35. fxe5 Rxe5 36. Rb4 d5 37. Bd3 h6 38. a5 Bf2 39. Rb8+ Kf7 40. Rb7+
Ke6 41. Bf4 Re1 42. Kg2 Bd4 43. Rc7 Rg1+ 44. Kh2 Nxh4 45. Rc6+ Kd7 46. Rc7+ Kd8
0-1

[Event "40th North Shore Open"]
[Site "Auckland"]
[Date "2013.09.15"]
[Round "4.1"]
[White "Hague, Ben"]
[Black "Wang, Puchen"]
[Result "0-1"]
[WhiteElo "2399"]
[BlackElo "2379"]
[PlyCount "128"]
[EventDate "2013.09.14"]
[EventType "swiss"]
[EventRounds "5"]
[EventCountry "NZL"]
[SourceDate "2013.09.14"]

1. e4 c6 2. d4 d5 3. exd5 cxd5 4. Bd3 Nc6 5. c3 Nf6 6. Bf4 Bg4 7. Qb3 Na5 8.
Qa4+ Nc6 9. Qb3 Na5 10. Qa4+ Bd7 11. Qc2 g6 12. Nf3 Bg7 13. O-O O-O 14. Nbd2
Rc8 15. Rfe1 Nc4 16. h3 Bb5 17. Nf1 Re8 18. a4 Bc6 19. N1d2 e6 20. Ne5 Nxe5 21.
Bxe5 a5 22. Nf3 Bh6 23. Bh2 Nd7 24. Ne5 Nxe5 25. Bxe5 f6 26. Bg3 Bg7 27. f4 Qd7
28. b3 Qd6 29. Qf2 Qf8 30. Re3 Bd7 31. Be2 Bh6 32. Bf3 Kg7 33. h4 Qd6 34. Bg4
Qb6 35. Qb2 Re7 36. Rae1 Kf7 37. Kh2 Ree8 38. Qb1 Rc6 39. Bf3 Rcc8 40. h5 f5
41. Qb2 Qc7 42. c4 Bxf4 43. Bxf4 Qxf4+ 44. g3 Qd6 45. c5 Qf8 46. Qd2 Ra8 47.
Re5 Qg7 48. Qe3 Qf6 49. Qh6 Kg8 50. Kg2 Rad8 51. Rh1 Qg7 52. Qd2 Ra8 53. hxg6
hxg6 54. Qg5 Kf7 55. Rh6 Rh8 56. Rh4 Qf6 57. Qxf6+ Kxf6 58. Rxh8 Rxh8 59. Re1
Rb8 60. Rc1 Bc6 61. Be2 e5 62. dxe5+ Kxe5 63. Bb5 Kd4 64. Kf3 Re8 0-1

[Event "40th North Shore Open"]
[Site "Auckland"]
[Date "2013.09.15"]
[Round "4.2"]
[White "Duneas, John"]
[Black "Jia, Hao"]
[Result "0-1"]
[WhiteElo "2195"]
[BlackElo "1783"]
[PlyCount "86"]
[EventDate "2013.09.14"]
[EventType "swiss"]
[EventRounds "5"]
[EventCountry "NZL"]
[SourceDate "2013.09.14"]

1. d4 d5 2. c4 e6 3. Nc3 f5 4. Nf3 Nf6 5. Bf4 c6 6. e3 Be7 7. Bd3 O-O 8. h3 Ne4
9. Ne5 Nd7 10. cxd5 exd5 11. Qb3 Nxe5 12. Bxe5 Kh8 13. g3 Bd6 14. Bxd6 Qxd6 15.
h4 b6 16. Be2 Bb7 17. Rg1 c5 18. dxc5 Qxc5 19. Rd1 Rad8 20. Rd4 Rd7 21. Qb4 Bc6
22. f3 Nxc3 23. Qxc3 Qxc3+ 24. bxc3 Re7 25. Kf2 Rfe8 26. Bd3 Rxe3 27. Rc1 g6
28. Be4 dxe4 29. Kxe3 exf3+ 30. Kf4 f2 31. Rf1 Re2 32. h5 Kg7 33. hxg6 hxg6 34.
Kg5 Bg2 35. Rd7+ Kf8 36. Rdd1 Bxf1 37. Rxf1 Kf7 38. a4 Rc2 39. g4 fxg4 40. Kxg4
Ke6 41. Kg5 Ke5 42. Kxg6 Ke4 43. Kg5 Kf3 0-1

[Event "40th North Shore Open"]
[Site "Auckland"]
[Date "2013.09.15"]
[Round "4.3"]
[White "Lim, Benjamin U"]
[Black "Watson, Bruce R"]
[Result "1-0"]
[WhiteElo "2108"]
[BlackElo "2373"]
[PlyCount "67"]
[EventDate "2013.09.14"]
[EventType "swiss"]
[EventRounds "5"]
[EventCountry "NZL"]
[SourceDate "2013.09.14"]

1. e4 c5 2. Nf3 e6 3. d4 cxd4 4. Nxd4 Nc6 5. Be2 Qc7 6. Be3 a6 7. O-O Nf6 8.
Nd2 Be7 9. c4 O-O 10. a3 d5 11. exd5 exd5 12. Rc1 Rd8 13. c5 Ne4 14. b4 Nxd4
15. Bxd4 Bg5 16. Be3 Bf6 17. Nxe4 dxe4 18. Qc2 Be5 19. g3 Bh3 20. Rfd1 Re8 21.
a4 f5 22. c6 f4 23. cxb7 Qxb7 24. Bc4+ Kh8 25. Bd5 Qxb4 26. Bxa8 fxe3 27. fxe3
Rxa8 28. Qc8+ Qf8 29. Qxh3 h6 30. Rf1 Qe8 31. Qf5 Bf6 32. Rc4 Rd8 33. Rxe4 Qc6
34. Re6 1-0

[Event "40th North Shore Open"]
[Site "Auckland"]
[Date "2013.09.15"]
[Round "4.4"]
[White "McCrone, Jeffrey"]
[Black "Garbett, Paul A"]
[Result "0-1"]
[WhiteElo "2086"]
[BlackElo "2332"]
[PlyCount "108"]
[EventDate "2013.09.14"]
[EventType "swiss"]
[EventRounds "5"]
[EventCountry "NZL"]
[SourceDate "2013.09.14"]

1. d4 e6 2. c4 f5 3. e4 fxe4 4. Qh5+ g6 5. Qe5 Nf6 6. Bg5 Bg7 7. Nc3 Nc6 8. Qg3
Nxd4 9. O-O-O Nf5 10. Qf4 h6 11. Bxf6 Qxf6 12. Qxe4 O-O 13. Nf3 c6 14. Qc2 d5
15. Bd3 Bd7 16. Rhe1 b5 17. Kb1 bxc4 18. Bxc4 Be8 19. Bb3 Rb8 20. Na4 Rb4 21.
Nc5 e5 22. Nxe5 Nd4 23. Qc3 Qf5+ 24. Ncd3 Rxb3 25. axb3 Nb5 26. Qc5 Qf6 27. f4
Qd6 28. Qxd6 Nxd6 29. Rc1 g5 30. fxg5 hxg5 31. Nxc6 Ne4 32. Ne7+ Kh7 33. Nxd5
Bg6 34. Ka2 Rf5 35. Ne7 Ra5+ 36. Kb1 Nc5 37. Nxg6 Nxd3 38. Re6 Nxc1 39. Kxc1
Ra1+ 40. Kd2 Rg1 41. Ne7 Rxg2+ 42. Kd3 Rxh2 43. Nf5 Bxb2 44. Nd6 g4 45. Ne4 a5
46. Kc4 Rh5 47. Rb6 Rf5 48. Rb5 Rxb5 49. Kxb5 Kg6 50. Kxa5 Be5 51. b4 Kf5 52.
Nd2 Kf4 53. Ka6 g3 54. Nc4 g2 0-1

[Event "40th North Shore Open"]
[Site "Auckland"]
[Date "2013.09.15"]
[Round "4.5"]
[White "Gao, Hans"]
[Black "Thornton, Giovanni A"]
[Result "1-0"]
[WhiteElo "2236"]
[BlackElo "2209"]
[PlyCount "75"]
[EventDate "2013.09.14"]
[EventType "swiss"]
[EventRounds "5"]
[EventCountry "NZL"]
[SourceDate "2013.09.14"]

1. e4 e6 2. d4 d5 3. Nd2 Nf6 4. Bd3 c5 5. c3 Nc6 6. Ngf3 cxd4 7. cxd4 dxe4 8.
Nxe4 Be7 9. O-O O-O 10. Be3 Nb4 11. Nxf6+ Bxf6 12. Be4 Nd5 13. Qd3 g6 14. Ne5
Qd6 15. Nc4 Qe7 16. Rac1 Rd8 17. Na5 Bg5 18. Qb3 Bxe3 19. fxe3 Qg5 20. Bxd5
Rxd5 21. Nc4 b6 22. Ne5 Rxe5 23. dxe5 Bb7 24. Rf2 Qxe5 25. Qc3 Qxc3 26. Rxc3 f5
27. Rc7 Be4 28. Rd2 Bd5 29. a3 a5 30. Rdc2 b5 31. Re7 Bc4 32. a4 Bb3 33. Rcc7
Bxa4 34. Rg7+ Kh8 35. Rxh7+ Kg8 36. Rcg7+ Kf8 37. Rxg6 Bb3 38. h4 1-0

[Event "40th North Shore Open"]
[Site "Auckland"]
[Date "2013.09.15"]
[Round "4.6"]
[White "Johns, Daniel P"]
[Black "Bennett, Hilton P"]
[Result "1/2-1/2"]
[WhiteElo "1930"]
[BlackElo "2100"]
[PlyCount "48"]
[EventDate "2013.09.14"]
[EventType "swiss"]
[EventRounds "5"]
[EventCountry "NZL"]
[SourceDate "2013.09.14"]

1. e4 g6 2. d4 Bg7 3. Nc3 d6 4. f4 a6 5. Nf3 b5 6. Be3 Nd7 7. Bd3 Bb7 8. e5 c5
9. Be4 Bxe4 10. Nxe4 Qc7 11. c3 Nh6 12. O-O Rd8 13. Qe2 Ng4 14. Bd2 d5 15. Nxc5
Nxc5 16. dxc5 Qxc5+ 17. Nd4 Nh6 18. Be3 Qc8 19. a4 Qc4 20. axb5 axb5 21. Ra5
Nf5 22. Qxc4 bxc4 23. Nxf5 gxf5 24. Rb5 O-O 1/2-1/2

[Event "40th North Shore Open"]
[Site "Auckland"]
[Date "2013.09.15"]
[Round "4.7"]
[White "Evans, David J"]
[Black "Runcan, Daniel"]
[Result "0-1"]
[WhiteElo "2034"]
[BlackElo "1949"]
[PlyCount "84"]
[EventDate "2013.09.14"]
[EventType "swiss"]
[EventRounds "5"]
[EventCountry "NZL"]
[SourceDate "2013.09.14"]

1. e4 c5 2. Nf3 d6 3. d4 cxd4 4. Nxd4 Nf6 5. Nc3 a6 6. Be3 e5 7. Nb3 Be6 8. f3
Nbd7 9. Qd2 b5 10. O-O-O Nb6 11. Qf2 Nfd7 12. Nd5 Bxd5 13. exd5 Nc4 14. Bxc4
bxc4 15. Nd2 c3 16. bxc3 Qa5 17. Nb3 Qxc3 18. f4 Be7 19. Rd3 Qb4 20. Bd2 Qa3+
21. Kb1 O-O 22. Bc1 Qb4 23. f5 Bf6 24. g4 Nc5 25. Rg3 e4 26. g5 Be5 27. Bb2
Bxb2 28. Kxb2 Na4+ 29. Kc1 Rac8 30. Qd4 Rc4 31. Qd1 Rfc8 32. g6 Qa3+ 33. Kd2
Rxc2+ 34. Qxc2 Rxc2+ 35. Kxc2 Qxa2+ 36. Kd1 Qb2 37. gxh7+ Kxh7 38. Re1 Nc3+ 39.
Rxc3 Qxc3 40. Nd2 e3 41. Nf3 Qd3+ 42. Kc1 e2 0-1

[Event "40th North Shore Open"]
[Site "Auckland"]
[Date "2013.09.15"]
[Round "4.8"]
[White "Taylor, Richard"]
[Black "Zhang, Leo"]
[Result "0-1"]
[WhiteElo "1862"]
[BlackElo "1858"]
[PlyCount "64"]
[EventDate "2013.09.14"]
[EventType "swiss"]
[EventRounds "5"]
[EventCountry "NZL"]
[SourceDate "2013.09.14"]

1. e4 c5 2. Nf3 d6 3. d4 cxd4 4. Nxd4 Nf6 5. Nc3 a6 6. Bc4 e6 7. Bb3 b5 8. O-O
Bb7 9. Re1 Nbd7 10. Qf3 Nc5 11. Bg5 Be7 12. Rad1 O-O 13. Bxf6 Bxf6 14. Qh3 Nxb3
15. axb3 Qb6 16. Nde2 Rad8 17. Nf4 Rfe8 18. Rd3 Be5 19. Nh5 d5 20. exd5 exd5
21. Rde3 d4 22. Rxe5 Rxe5 23. Rxe5 dxc3 24. Qxc3 Rd1+ 25. Re1 Qd4 26. Kf1 Qxc3
27. bxc3 Bxg2+ 28. Ke2 Bf3+ 29. Kxf3 Rxe1 30. Nf4 Rc1 31. Nd5 Rxc2 32. b4 Rd2
0-1

[Event "40th North Shore Open"]
[Site "Auckland"]
[Date "2013.09.15"]
[Round "4.9"]
[White "Gong, Daniel"]
[Black "Li, William Xiangwei"]
[Result "1/2-1/2"]
[WhiteElo "1880"]
[BlackElo "2060"]
[PlyCount "67"]
[EventDate "2013.09.14"]
[EventType "swiss"]
[EventRounds "5"]
[EventCountry "NZL"]
[SourceDate "2013.09.14"]

1. e4 c5 2. Nf3 d6 3. d4 cxd4 4. Nxd4 Nf6 5. Nc3 a6 6. Be2 e6 7. O-O Be7 8. f4
Nc6 9. Nxc6 bxc6 10. e5 dxe5 11. fxe5 Nd7 12. Bf4 Qa5 13. Bf3 Rb8 14. Qc1 O-O
15. Kh1 Nxe5 16. Qe3 Bd6 17. Rfd1 Nc4 18. Qd4 Bxf4 19. Qxf4 Nxb2 20. Qxb8 Nxd1
21. Rxd1 Qxc3 22. Be4 e5 23. h3 g6 24. Qc7 Be6 25. a4 Rc8 26. Qb6 Qc4 27. Bd3
Qd5 28. Kh2 e4 29. Be2 Qe5+ 30. Kh1 a5 31. Ba6 Rc7 32. Qb8+ Kg7 33. Rd8 f6 34.
Re8 1/2-1/2

[Event "40th North Shore Open"]
[Site "Auckland"]
[Date "2013.09.15"]
[Round "4.10"]
[White "Milligan, Helen"]
[Black "Cooper, Nigel M"]
[Result "1-0"]
[WhiteElo "2049"]
[BlackElo "1692"]
[PlyCount "41"]
[EventDate "2013.09.14"]
[EventType "swiss"]
[EventRounds "5"]
[EventCountry "NZL"]
[SourceDate "2013.09.14"]

1. e4 Nc6 2. Nf3 f5 3. e5 d6 4. Bb5 dxe5 5. d4 exd4 6. Nxd4 Qd5 7. Bxc6+ bxc6
8. O-O Ba6 9. Nc3 Qd7 10. Nde2 O-O-O 11. Qxd7+ Rxd7 12. Be3 Kb7 13. Rfd1 Rxd1+
14. Rxd1 e5 15. f3 Nf6 16. Nc1 Be7 17. Nb3 Ka8 18. Nc5 Bc4 19. b3 Nd5 20. Nxd5
Bxc5 21. Nxc7+ 1-0

[Event "40th North Shore Open"]
[Site "Auckland"]
[Date "2013.09.15"]
[Round "4.11"]
[White "Timergazi, Layla"]
[Black "Ang, Alphaeus Wei Ern"]
[Result "0-1"]
[WhiteElo "1889"]
[BlackElo "1973"]
[PlyCount "104"]
[EventDate "2013.09.14"]
[EventType "swiss"]
[EventRounds "5"]
[EventCountry "NZL"]
[SourceDate "2013.09.14"]

1. d4 Nf6 2. c4 g6 3. Nc3 Bg7 4. e4 d6 5. h3 O-O 6. Be3 Nbd7 7. Nf3 e5 8. d5 a5
9. a3 Ne8 10. Qd2 Nc5 11. Bh6 Nb3 12. Qd1 Nxa1 13. Bxg7 Kxg7 14. Qxa1 f5 15.
Bd3 fxe4 16. Nxe4 Bf5 17. h4 Nf6 18. Qb1 h6 19. Kd2 Nxe4+ 20. Bxe4 Bxe4 21.
Qxe4 Qf6 22. Ke1 Qf5 23. Nd2 Qxf2+ 24. Kd1 Rf4 25. Qe2 Qxe2+ 26. Kxe2 Raf8 27.
Ke3 Rg4 28. Rc1 b6 29. b4 axb4 30. axb4 Rxh4 31. c5 Rxb4 32. cxd6 cxd6 33. Ne4
Rd4 34. Nxd6 Rxd5 35. Rc7+ Kf6 36. Ne4+ Kf5 37. Rc6 Rd4 38. Ng3+ Kg5 39. Rxb6
Rg4 40. Ne4+ Kh5 41. g3 Rf1 42. Ke2 Rxe4+ 43. Kxf1 Kg5 44. Kf2 h5 45. Kf3 Kf5
46. Rb8 Ra4 47. Rf8+ Kg5 48. Re8 Ra3+ 49. Ke4 Rxg3 50. Rxe5+ Kh4 51. Kf4 g5+
52. Kf5 Kh3 0-1

[Event "40th North Shore Open"]
[Site "Auckland"]
[Date "2013.09.15"]
[Round "4.12"]
[White "Gunn, Neil J"]
[Black "Krstev, Antonio"]
[Result "1-0"]
[WhiteElo "1989"]
[BlackElo "2157"]
[PlyCount "63"]
[EventDate "2013.09.14"]
[EventType "swiss"]
[EventRounds "5"]
[EventCountry "NZL"]
[SourceDate "2013.09.14"]

1. Nf3 c5 2. c4 Nc6 3. Nc3 e5 4. g3 d6 5. Bg2 f5 6. d3 Nf6 7. a3 Be7 8. Nd5
Nxd5 9. cxd5 Nb8 10. b4 b6 11. Bb2 a5 12. bxc5 bxc5 13. Nxe5 O-O 14. Nc4 f4 15.
Be4 Nd7 16. gxf4 Rxf4 17. e3 Rh4 18. Qc2 Bb7 19. Rg1 Nf6 20. Rb1 Ra7 21. Bf5
Bxd5 22. e4 Bf7 23. Ba1 Ne8 24. e5 Bxc4 25. dxc4 dxe5 26. Bxe5 Bf6 27. Be6+ Kh8
28. Rb8 Qe7 29. Qf5 Rh6 30. Bxf6 Rxf6 31. Qxf6 h6 32. Qg6 1-0

[Event "40th North Shore Open"]
[Site "Auckland"]
[Date "2013.09.15"]
[Round "5.1"]
[White "Jia, Hao"]
[Black "Wang, Puchen"]
[Result "0-1"]
[WhiteElo "1783"]
[BlackElo "2379"]
[PlyCount "94"]
[EventDate "2013.09.14"]
[EventType "swiss"]
[EventRounds "5"]
[EventCountry "NZL"]
[SourceDate "2013.09.14"]

1. e4 c6 2. d4 d5 3. Nc3 dxe4 4. Nxe4 Bf5 5. Ng3 Bg6 6. Nf3 Nd7 7. Bc4 Ngf6 8.
O-O e6 9. Re1 Be7 10. Bb3 O-O 11. Nh4 c5 12. Nxg6 hxg6 13. d5 c4 14. Bxc4 Nb6
15. Bb3 Nfxd5 16. Nf1 Bf6 17. Rb1 Qc7 18. Qf3 Rfd8 19. Ne3 Nxe3 20. Bxe3 Rac8
21. c3 Nd5 22. Red1 Nxe3 23. Qxe3 b6 24. h3 Be7 25. Rxd8+ Rxd8 26. Rd1 Bc5 27.
Rxd8+ Qxd8 28. Qe2 Qg5 29. Kh2 Qf4+ 30. g3 Qxf2+ 31. Qxf2 Bxf2 32. Kg2 Be1 33.
Bc2 f5 34. g4 Kf7 35. Kf3 Kf6 36. c4 e5 37. Ke2 Bh4 38. b4 e4 39. c5 bxc5 40.
bxc5 Ke5 41. Bb3 f4 42. c6 Bd8 43. Bc2 f3+ 44. Kf2 Kf4 45. Bd1 g5 46. Kg1 Kg3
47. Kf1 Ba5 0-1

[Event "40th North Shore Open"]
[Site "Auckland"]
[Date "2013.09.15"]
[Round "5.2"]
[White "Gao, Hans"]
[Black "Hague, Ben"]
[Result "1/2-1/2"]
[WhiteElo "2236"]
[BlackElo "2399"]
[PlyCount "69"]
[EventDate "2013.09.14"]
[EventType "swiss"]
[EventRounds "5"]
[EventCountry "NZL"]
[SourceDate "2013.09.14"]

1. e4 e6 2. d4 d5 3. exd5 exd5 4. c4 Nf6 5. Nc3 Bb4 6. Nf3 O-O 7. Bd3 dxc4 8.
Bxc4 Bg4 9. Be3 Nc6 10. O-O Qd7 11. h3 Bh5 12. a3 Ba5 13. g4 Nxg4 14. b4 Nxe3
15. fxe3 Bb6 16. Kg2 Rae8 17. Qd3 Qd6 18. Nh4 Qh6 19. Nf5 Qg5+ 20. Kh2 Bg6 21.
Nd5 Kh8 22. Ra2 Ne7 23. Ndxe7 Rxe7 24. e4 Bxf5 25. Rxf5 Qh4 26. Raf2 Qxe4 27.
Rxf7 Rexf7 28. Rxf7 Qe8 29. Qe4 Qd8 30. Bd3 Kg8 31. Re7 Qd6+ 32. Kg2 Qg6+ 33.
Qxg6 hxg6 34. Bxg6 Rf6 35. Re8+ 1/2-1/2

[Event "40th North Shore Open"]
[Site "Auckland"]
[Date "2013.09.15"]
[Round "5.3"]
[White "Garbett, Paul A"]
[Black "Lim, Benjamin U"]
[Result "1-0"]
[WhiteElo "2332"]
[BlackElo "2108"]
[PlyCount "57"]
[EventDate "2013.09.14"]
[EventType "swiss"]
[EventRounds "5"]
[EventCountry "NZL"]
[SourceDate "2013.09.14"]

1. Nf3 c5 2. e4 d6 3. d4 cxd4 4. Nxd4 Nf6 5. Nc3 a6 6. f4 e6 7. Qf3 Qb6 8. Nb3
Nc6 9. Bd3 g6 10. Be3 Qc7 11. O-O Bg7 12. a4 Nd7 13. Rf2 b6 14. Rd1 Bb7 15. Bf1
d5 16. exd5 Nb4 17. Qe2 Bxc3 18. dxe6 fxe6 19. bxc3 Nc6 20. Bd4 O-O 21. Qxe6+
Rf7 22. Bc4 Nd8 23. Qe2 Kf8 24. Bxf7 Nxf7 25. Re1 Bd5 26. f5 Bc4 27. Qe7+ Kg8
28. fxg6 hxg6 29. Rf6 1-0

[Event "40th North Shore Open"]
[Site "Auckland"]
[Date "2013.09.15"]
[Round "5.4"]
[White "Runcan, Daniel"]
[Black "Zhang, Leo"]
[Result "1-0"]
[WhiteElo "1949"]
[BlackElo "1858"]
[PlyCount "129"]
[EventDate "2013.09.14"]
[EventType "swiss"]
[EventRounds "5"]
[EventCountry "NZL"]
[SourceDate "2013.09.14"]

1. e4 c5 2. Nc3 d6 3. Bb5+ Bd7 4. Bxd7+ Qxd7 5. f4 Nc6 6. Nf3 Nf6 7. O-O e6 8.
d3 Be7 9. h3 O-O 10. a3 a6 11. Ne2 Rad8 12. g4 Qc7 13. Be3 d5 14. e5 Nd7 15. d4
cxd4 16. Nexd4 Nxd4 17. Nxd4 Nc5 18. c3 Ne4 19. Kg2 h6 20. Nf3 Bc5 21. Bd4 Bxd4
22. Qxd4 Qc5 23. Rad1 Rc8 24. Qxc5 Nxc5 25. Nd4 b5 26. h4 Ne4 27. f5 Rfe8 28.
Rfe1 exf5 29. Nxf5 Rcd8 30. Nd4 Rc8 31. Nf3 Rcd8 32. Rd4 f6 33. Red1 fxe5 34.
Rxd5 Rc8 35. Rxe5 Rxe5 36. Nxe5 Re8 37. Nc6 Nc5 38. Kf3 Rf8+ 39. Ke3 Rf6 40.
Nb4 a5 41. Nd5 Re6+ 42. Kf3 Kf7 43. Nc7 Rf6+ 44. Ke3 Na4 45. Rd2 Rb6 46. Kd4 b4
47. axb4 axb4 48. c4 Rc6 49. Nd5 b3 50. Re2 Rg6 51. Rg2 Nxb2 52. Nf4 Rf6 53.
Nd5 Rg6 54. h5 Rg5 55. Rxb2 Rxg4+ 56. Kc5 Rg5 57. Rxb3 Rxh5 58. Kd6 g5 59. c5
g4 60. c6 Rh3 61. Rb7+ Kg8 62. c7 Rf3 63. c8=Q+ Rf8 64. Qxg4+ Kh8 65. Qg7# 1-0

[Event "40th North Shore Open"]
[Site "Auckland"]
[Date "2013.09.15"]
[Round "5.5"]
[White "Watson, Bruce R"]
[Black "Johns, Daniel P"]
[Result "1-0"]
[WhiteElo "2373"]
[BlackElo "1930"]
[PlyCount "77"]
[EventDate "2013.09.14"]
[EventType "swiss"]
[EventRounds "5"]
[EventCountry "NZL"]
[SourceDate "2013.09.14"]

1. c4 e6 2. Nc3 d5 3. d4 Nf6 4. Bg5 Be7 5. e3 O-O 6. Nf3 Nbd7 7. Qc2 c6 8.
O-O-O a5 9. Bd3 dxc4 10. Bxc4 b5 11. Bd3 Ba6 12. Kb1 h6 13. h4 b4 14. Na4 Bxd3
15. Qxd3 Ng4 16. Bxe7 Qxe7 17. Rd2 c5 18. dxc5 Nxc5 19. Nxc5 Qxc5 20. Rc1 Qb6
21. Qc4 Nf6 22. Ne5 Rfd8 23. Rcd1 Rac8 24. Rxd8+ Rxd8 25. Rxd8+ Qxd8 26. Qd4
Nd5 27. g3 Qc7 28. Nd3 Ne7 29. Qc5 Qxc5 30. Nxc5 Kf8 31. Kc2 Nc6 32. Kb3 Ne5
33. Ka4 Ke7 34. Kxa5 Nc4+ 35. Kxb4 Nxb2 36. Kb3 Nd1 37. Nd3 e5 38. Kc2 e4 39.
Kxd1 1-0

[Event "40th North Shore Open"]
[Site "Auckland"]
[Date "2013.09.15"]
[Round "5.6"]
[White "Thornton, Giovanni A"]
[Black "McCrone, Jeffrey"]
[Result "1-0"]
[WhiteElo "2209"]
[BlackElo "2086"]
[PlyCount "49"]
[EventDate "2013.09.14"]
[EventType "swiss"]
[EventRounds "5"]
[EventCountry "NZL"]
[SourceDate "2013.09.14"]

1. e4 c5 2. Nf3 d6 3. d4 cxd4 4. Nxd4 Nf6 5. Nc3 g6 6. Be3 Bg7 7. f3 O-O 8. Qd2
a6 9. Bc4 b5 10. Bb3 Bb7 11. h4 Nc6 12. g4 h5 13. O-O-O Na5 14. gxh5 Nxb3+ 15.
axb3 Nxh5 16. Bh6 Rc8 17. Rdg1 Qa5 18. Bxg7 Nxg7 19. h5 Rxc3 20. Qxc3 b4 21.
Qe3 Nxh5 22. Nf5 Qa1+ 23. Kd2 Qxb2 24. Rxh5 Re8 25. Qd4 1-0